TV By Doctor Quiz Stats

Quiz Updated Mar 6, 2012

Also try: TV Doctors
Challenge
Share
Tweet
Embed
Score 0/30 Timer 05:00
31 Plays Today
Doctor Show % Correct
Dr. John CarterER
77.9%
Dr. Alex KarevGrey's Anatomy
71.6%
Dr. Cliff HuxtableThe Cosby Show
71.3%
Dr. Niles CraneFrasier
67.3%
Dr. Remy 'Thirteen' HadleyHouse M.D.
65.4%
Dr. Leonard McCoyStar Trek
58.8%
Dr. Todd QuinlanScrubs
46.4%
Dr. Nick RivieraThe Simpsons
45.3%
Dr. John A. ZoidbergFuturama
39.1%
Dr. Temperance BrennanBones
38.9%
Dr. Jason SeaverGrowing Pains
38%
Dr. Alan HarperTwo and a Half Men
36%
Dr. Richard BurkeFriends
34.1%
Dr. Tobias FünkeArrested Development
33.5%
Dr. Monica QuartermaineGeneral Hospital
33.3%
Doctor Show % Correct
Dr. Abigail BartletThe West Wing
27.7%
Dr. Bunsen HoneydewThe Muppet Show
26.8%
Dr. Rex Van de KampDesperate Housewives
25.3%
Dr. Aaron ShuttChicago Hope
24.3%
Dr. Matt Camden7th Heaven
22.4%
Dr. Sean McNamaraNip/Tuck
20.9%
Dr. Martin von NostrandSeinfeld
18.3%
Dr. Leo Spaceman30 Rock
18%
Dr. Stella ZinmanHow I Met Your Mother
15.7%
Dr. Robert HartleyThe Bob Newhart Show
13.9%
Dr. Michael ManciniMelrose Place
12.7%
Dr. Gaius BaltarBattlestar Galactica
12.5%
Dr. Alphonse MephestoSouth Park
12.2%
Dr. Adam 'Doc' BrickerThe Love Boat
11.8%
Dr. Otto ScratchansniffAnimaniacs
5.2%

You're not logged in!

Compare scores with friends on all Sporcle quizzes.
Sign Up with Email
OR
Log In

You Might Also Like...

Show Comments

Extras

Top Quizzes Today


Score Distribution

Your Account Isn't Verified!

In order to create a playlist on Sporcle, you need to verify the email address you used during registration. Go to your Sporcle Settings to finish the process.